000 nam a22 7a 4500
999 _c7734
_d7734
008 171005b xxu||||| |||| 00| 0 eng d
100 _94216
_aSharma.P.
245 _aGeography-Xi
260 _aNew Delhi
_bJPH
_c2008